000 00541nam a2200205 a 4500
001 0265
005 20140414131909.0
008 040902s19uu xx 00 eng d
020 _a0-7497-0645-7
050 _aER
_bB11 1990
100 _aDe Brunhoff, Jean
245 _aBabar at home /
_cJean de Brunhoff.
260 _aLondon :
_bLittle Mammoth,
_c1990.
300 _a1 v.p. : ill. ; cm.
440 _aTales from Little Mammoth
650 _aElephants
_xFiction.
650 _aChildren stories.
999 _c111093
_d111093